The essence of effective communication / (Record no. 6731)
[ view plain ]
| 000 -LEADER | |
|---|---|
| fixed length control field | 00890cam a2200205 a 4500 |
| 020 ## - INTERNATIONAL STANDARD BOOK NUMBER | |
| ISBN | 0132848783 |
| 020 ## - INTERNATIONAL STANDARD BOOK NUMBER | |
| ISBN | 9780132848787 |
| 050 00 - CALL NUMBER | |
| Classification number | HF5718 |
| Item number | .L83 |
| 100 1# - AUTHOR | |
| Personal name | Ludlow, Ron. |
| 245 14 - TITLE | |
| Title | The essence of effective communication / |
| Statement of responsibility, etc | Ron Ludlow, Fergus Panton. |
| 260 ## - PUBLICATION INFORMATION | |
| Place of publication | New York : |
| Name of publisher | Prentice Hall, |
| Year of publication | 1992. |
| 300 ## - DESCRIPTION | |
| Number of Pages | vi, 156 p. : |
| Other physical details | ill. ; |
| Dimensions | 23 cm. |
| 440 #4 - SERIES | |
| SERIES | The essence of management series |
| 500 ## - NOTES | |
| General note | Includes index. |
| 505 ## - FORMATTED CONTENTS NOTE | |
| Table of Content | Interpersonal communication : Management style and communication ; Interviewing ; Making presentations, techniques ; Running meetings/leading discussions ; Conducting surveys ; Negotiating ; Behaviour in negotiations ; Training for effective communication skills ; Designing communication skills programmes. |
| 650 #0 - SUBJECTS | |
| Topical Term | Business communication. |
| 650 #0 - SUBJECTS | |
| Topical Term | Communication in management. |
| 700 1# - OTHER AUTHORS | |
| Personal name | Panton, Fergus. |
| 942 ## - ADDED ENTRY ELEMENTS (KOHA) | |
| Koha item type | Books |
| Withdrawn status | Lost status | Collection code | Home library | Current library | Shelving location | Date acquired | Source of acquisition | Full call number | Koha item type |
|---|---|---|---|---|---|---|---|---|---|
| Reference | Methodist University Library Main | Methodist University Library Main | General Stacks | 15/05/2019 | Purchased from EPP Books | HF5718 .L96 | Books |